Llwytho...

Katauthi (v.1)/

Manylion Llyfryddiaeth
Prif Awdur: Krishna Agnihotri
Fformat: Printed Book
Cyhoeddwyd: Kanpur: Aman Prakashan, 2013.
Pynciau:
LEADER 00567nam a22001697a 4500
020 |a 9789382432876 
082 |a H301  |b KRI/K.1 
100 |a Krishna Agnihotri  |9 46698 
245 |a Katauthi (v.1)/  |c by Krishna Agnihotri 
260 |a Kanpur:  |b Aman Prakashan,  |c 2013. 
300 |a 504p. 
650 |a Stories Hindi  |9 46699 
650 |a Literature Hindi  |9 46700 
650 |a Literature  |9 46701 
942 |c BK 
999 |c 71662  |d 71662 
952 |0 0  |1 0  |4 0  |6 R_H301_KRI_K_1_000000000000000  |7 0  |9 92282  |a SSUS  |b SSUS  |c REF  |d 2018-05-28  |g 1000.00  |o R H301 KRI/K.1  |p 089497  |r 2018-05-28  |w 2018-05-28  |y REF